[Event "4NCL 2009-10"]
[Site "Sunningdale ENG"]
[Date "2009.10.24"]
[Round "1"]
[White "Pert,N"]
[Black "Savage,B"]
[Result "1-0"]
[WhiteElo "2541"]
[BlackElo "2296"]
[EventDate "2009.10.24"]

1. d4 Nf6 2. Nf3 e6 3. c4 Bb4+ 4. Bd2 Qe7 5. g3 Nc6 6. Nc3 Bxc3 7. Bxc3 Ne4
8. Qc2 Nxc3 9. Qxc3 Qb4 10. Qxb4 Nxb4 11. Kd2 d6 12. Bg2 Bd7 13. Kc3 Nc6
14. b4 Rb8 15. b5 Ne7 16. a4 f6 17. e3 e5 18. Nd2 Be6 19. Rhc1 h5 20. Kd3
h4 21. Ke2 hxg3 22. hxg3 Bg4+ 23. Kf1 Bh3 24. Bxh3 Rxh3 25. Kg2 Rh8 26.
dxe5 dxe5 27. Ne4 Nf5 28. c5 Ke7 29. c6 b6 30. a5 Rhd8 31. axb6 axb6 32.
Rd1 Rxd1 33. Rxd1 Rd8 34. Ra1 Ke6 35. Ra7 Rc8 36. Kf3 Ne7 37. g4 Nd5 38.
Ke2 g6 39. Kd3 f5 40. gxf5+ gxf5 41. Ng3 Nf6 42. f3 Rg8 43. Nxf5 Kxf5 44.
Rxc7 Rd8+ 45. Kc4 Ke6 46. Rb7 Nd5 47. e4 Ne3+ 48. Kc3 Nd1+ 49. Kb3 Ne3 50.
Rxb6 Rd3+ 51. Kb4 Nc2+ 52. Kc4 Rxf3 53. Rb8 Ne3+ 54. Kb4 Kd6 55. Rd8+ Kc7
56. Rd7+ Kc8 57. Re7 Nc2+ 58. Kc5 Kd8 59. Rxe5 Rc3+ 60. Kb6 Nb4 61. Rh5 1-0

[Event "4NCL 2009-10"]
[Site "Sunningdale ENG"]
[Date "2009.10.24"]
[Round "1"]
[White "Rose,M"]
[Black "Trent,L"]
[Result "1-0"]
[WhiteElo "2282"]
[BlackElo "2445"]
[EventDate "2009.10.24"]

1. e4 e5 2. Nc3 Nf6 3. Bc4 Nc6 4. d3 Na5 5. Nge2 Be7 6. a3 Nxc4 7. dxc4 d6
8. Qd3 O-O 9. Ng3 g6 10. Bg5 Be6 11. h4 c6 12. h5 Qb6 13. Rh4 Ng4 14. Rxg4
Bxg5 15. Rxg5 h6 16. Rf5 gxf5 17. exf5 Bc8 18. Nge4 Qd4 19. Qg3+ Kh8 20.
Rd1 Qxc4 21. Rxd6 f6 22. Qg6 Bxf5 23. Qxf5 Qg8 24. Nxf6 Qg7 25. Nce4 Rad8
26. Rxd8 Rxd8 27. Qxe5 Rf8 28. g3 Rf7 29. f4 Re7 30. Qb8+ 1-0

[Event "4NCL 2009-10"]
[Site "Sunningdale ENG"]
[Date "2009.10.24"]
[Round "1"]
[White "Pert,R"]
[Black "Milovanovic,A"]
[Result "1/2-1/2"]
[WhiteElo "2457"]
[BlackElo "2246"]
[EventDate "2009.10.24"]

1. d4 d5 2. c4 e6 3. Nf3 c5 4. cxd5 exd5 5. Nc3 Nc6 6. dxc5 d4 7. Na4 Bxc5
8. Nxc5 Qa5+ 9. Qd2 Qxc5 10. e3 Bg4 11. Nxd4 O-O-O 12. Be2 Nxd4 13. Bxg4+
Ne6 14. Qc3 Qxc3+ 15. bxc3 Nf6 16. Bxe6+ fxe6 17. c4 Ne4 18. f3 Nd6 19. c5
Nc4 20. e4 Rd7 21. Bf4 g5 22. Bd6 Nxd6 23. cxd6 Rxd6 24. Ke2 Rhd8 25. Rac1+
Kb8 26. Rc2 Rc8 27. Rxc8+ 1/2-1/2

[Event "4NCL 2009-10"]
[Site "Sunningdale ENG"]
[Date "2009.10.24"]
[Round "1"]
[White "White,Mi"]
[Black "Hanley,C"]
[Result "0-1"]
[WhiteElo "2227"]
[BlackElo "2429"]
[EventDate "2009.10.24"]

1. e4 e5 2. Nf3 Nc6 3. d4 exd4 4. Nxd4 Bc5 5. Be3 Qf6 6. c3 Nge7 7. Bc4 Ne5
8. Be2 Qg6 9. O-O d6 10. f4 Qxe4 11. Bf2 N5c6 12. Nb5 O-O 13. Nxc7 Rb8 14.
Nd2 Qg6 15. b4 Bxf2+ 16. Rxf2 Bf5 17. Nc4 Rfd8 18. Ne3 d5 19. b5 Rbc8 20.
Nexd5 Nxd5 21. Nxd5 Be4 22. c4 Bxd5 23. cxd5 Nb4 24. Bf3 Qb6 25. Qb3 Rc2
26. Raf1 Rdc8 27. Bd1 Rxf2 28. Rxf2 Qd4 29. Kf1 Rc1 30. Ke2 Nxd5 0-1

[Event "4NCL 2009-10"]
[Site "Sunningdale ENG"]
[Date "2009.10.24"]
[Round "1"]
[White "McDonald,N"]
[Black "Rawlinson,A"]
[Result "1-0"]
[WhiteElo "2412"]
[BlackElo "2207"]
[EventDate "2009.10.24"]

1. Nf3 d5 2. c4 c6 3. g3 Nf6 4. Bg2 dxc4 5. a4 g6 6. Na3 Be6 7. Ng5 Qd7 8.
Nxe6 Qxe6 9. Qc2 Na6 10. Nxc4 Bg7 11. Ra3 O-O 12. O-O Nd5 13. d3 Rfd8 14.
Bf3 Rac8 15. Bd2 b6 16. Qb3 Nc5 17. Qa2 Nd7 18. b4 Ne5 19. Nxe5 Qxe5 20.
Rc1 Qb2 21. Rc4 e6 22. Qxb2 Bxb2 23. Ra2 Bf6 24. Rac2 Rd6 25. b5 c5 26. d4
Ne7 27. dxc5 Rxc5 28. Rxc5 bxc5 29. a5 Nf5 30. e3 Rd8 31. Bc3 Be7 32. b6
axb6 33. a6 Rd7 34. Bb7 1-0

[Event "4NCL 2009-10"]
[Site "Sunningdale ENG"]
[Date "2009.10.24"]
[Round "1"]
[White "Eckersley Waites,T"]
[Black "Martin,Andrew"]
[Result "0-1"]
[WhiteElo "2247"]
[BlackElo "2423"]
[EventDate "2009.10.24"]

1. d4 Nf6 2. c4 c5 3. d5 e5 4. Nc3 d6 5. e4 Nbd7 6. Nf3 Be7 7. Be2 O-O 8.
h3 Ne8 9. g4 a6 10. Qc2 Nc7 11. O-O Rb8 12. a4 b6 13. Be3 Re8 14. Rab1 a5
15. Bd1 Nf8 16. Qd2 Ng6 17. Bc2 Na6 18. Rbe1 Nb4 19. Bb1 Nh4 20. Nh2 Rb7
21. f4 exf4 22. Bxf4 Ng6 23. e5 Bh4 24. Bxg6 Bxe1 25. Rxe1 hxg6 26. exd6
Rxe1+ 27. Qxe1 Nd3 28. Qd2 Nxf4 29. Qxf4 g5 30. Qg3 Qe8 31. Nf3 f6 32. h4
gxh4 33. Nxh4 g5 34. Ng2 Bd7 35. Ne3 Rb8 36. Nf5 Bxf5 37. gxf5 Rd8 38. Qf3
Qe1+ 39. Kg2 Qe5 40. Qe4 Qxe4+ 41. Nxe4 Kf7 42. Kg3 Re8 43. Kf3 Rh8 44. b3
Rh3+ 45. Ng3 Ke8 46. Kf2 Rh4 47. Ke3 Kd7 48. Ne4 Rh3+ 49. Ke2 Rxb3 50.
Nxf6+ Kxd6 51. Nh7 g4 52. f6 Rf3 53. Ng5 Rf5 54. Ne4+ Ke5 55. d6 Rxf6 56.
Nxf6 Kxf6 57. Ke3 Ke6 58. Kf4 Kxd6 59. Kxg4 Ke5 0-1

[Event "4NCL 2009-10"]
[Site "Sunningdale ENG"]
[Date "2009.10.24"]
[Round "1"]
[White "Rechel,B"]
[Black "Tidman,S"]
[Result "1-0"]
[WhiteElo "2416"]
[BlackElo "2110"]
[EventDate "2009.10.24"]

1. e4 e6 2. d4 d5 3. exd5 exd5 4. Nf3 Bd6 5. c4 Nf6 6. Bd3 O-O 7. O-O dxc4
8. Bxc4 h6 9. Nc3 Bg4 10. h3 Bh5 11. g4 Bg6 12. Ne5 Bxe5 13. dxe5 Nfd7 14.
f4 Nc6 15. Bd5 Qh4 16. Kg2 Nb6 17. Bxc6 bxc6 18. f5 Bh7 19. Qf3 Qe7 20. Bf4
Nc4 21. Qe4 Nxb2 22. Rab1 Rab8 23. Rf2 Rb4 24. Qxc6 Nd3 25. Nd5 Qh4 26. Bg3
Rxg4 27. hxg4 Qxg4 28. Ne3 Qg5 29. Qe4 Nxf2 30. Kxf2 Qe7 31. Qb4 Qd7 32.
Rd1 Qc8 33. Nd5 Qxf5+ 34. Bf4 Qc2+ 35. Rd2 c5 36. Rxc2 cxb4 37. Rc7 a5 38.
Ra7 Be4 39. Rxa5 Rd8 40. Nxb4 g5 41. Be3 Kg7 42. Ra6 Rb8 43. a3 Re8 44. a4
Rb8 45. Bd2 h5 46. a5 h4 47. Bxg5 Rxb4 48. Bxh4 Rb5 49. Bf6+ Kg6 50. Ke3
Bd5 51. Kd4 Be6 52. Ra8 Kf5 53. a6 Ra5 54. a7 Bd5 55. Rf8 Bb7 56. Rxf7 Rxa7
57. Bd8+ Kg6 58. e6 Ra4+ 59. Kc5 Bc8 60. Rf6+ Kg7 61. e7 Re4 62. Kd6 Bg4
63. Rf4 1-0

[Event "4NCL 2009-10"]
[Site "Sunningdale ENG"]
[Date "2009.10.24"]
[Round "1"]
[White "Dickinson,T"]
[Black "Hagesaether,E"]
[Result "1/2-1/2"]
[WhiteElo "2151"]
[BlackElo "2269"]
[EventDate "2009.10.24"]

1. e4 d6 2. d4 Nf6 3. Nc3 g6 4. f4 Bg7 5. Nf3 c5 6. d5 O-O 7. Be2 e6 8. O-O
exd5 9. exd5 Na6 10. a4 Nb4 11. Ne1 Qe7 12. Bf3 b6 13. Na2 Nxa2 14. Rxa2
Ba6 15. Nd3 Bc4 16. b3 Bxd5 17. c4 Bxf3 18. Qxf3 Qe4 19. a5 Qxf3 20. Rxf3
Ne4 21. f5 g5 22. Nf2 Rae8 23. Nxe4 Rxe4 24. Bxg5 Bd4+ 25. Kf1 Rfe8 26. g3
Kg7 27. axb6 axb6 28. Bf4 Be5 29. Bxe5+ R8xe5 30. Ra6 Re2 31. Rf2 Rxf2+ 32.
Kxf2 Rxf5+ 33. Ke3 Kf6 34. Rxb6 Ke6 35. Rb8 Rf1 36. Re8+ Kf6 37. Rd8 Ke7
38. Rb8 Ke6 39. Re8+ Kd7 40. Rf8 Ke6 1/2-1/2

[Event "4NCL 2009-10"]
[Site "Sunningdale ENG"]
[Date "2009.10.24"]
[Round "1"]
[White "Collinson,A"]
[Black "Mestel,J"]
[Result "0-1"]
[WhiteElo "2393"]
[BlackElo "2473"]
[EventDate "2009.10.24"]

1. e4 c5 2. b3 d6 3. Bb2 Nf6 4. Nc3 g6 5. Nd5 e5 6. Nxf6+ Qxf6 7. Bc4 Bg7
8. Ne2 Qh4 9. O-O Qxe4 10. f4 O-O 11. Nc3 Qd4+ 12. Kh1 Be6 13. Qe2 Bxc4 14.
bxc4 exf4 15. Na4 f3 16. Qxf3 Qxc4 17. Qxb7 Na6 18. Bxg7 Kxg7 19. Qb2+ Kg8
20. Nc3 Nb4 21. a3 Nd5 22. Nxd5 Qxd5 23. Qc3 Rae8 24. Rae1 Re6 25. h3 Rfe8
26. Rxe6 Rxe6 27. Rb1 Re8 28. d3 h5 29. Qf6 Qe6 30. Qxe6 Rxe6 31. Rb7 a5
32. Ra7 Kf8 33. Rxa5 Re1+ 34. Kh2 Rc1 35. Ra7 Ke8 36. a4 Rxc2 37. a5 Ra2
38. h4 Ra3 39. a6 Kf8 40. Ra8+ Ke7 41. a7 Kf6 42. g3 Ra2+ 43. Kh3 Kf5 44.
Rd8 Rxa7 45. Rxd6 Ke5 46. Rd8 Ra6 47. Rc8 Kd5 48. Kg2 Rf6 49. Rd8+ Rd6 50.
Rc8 Kd4 51. Kf3 Rd5 52. Ke2 Kc3 0-1

[Event "4NCL 2009-10"]
[Site "Sunningdale ENG"]
[Date "2009.10.24"]
[Round "1"]
[White "Poobalasingam,P"]
[Black "Jirka,J"]
[Result "0-1"]
[WhiteElo "2312"]
[BlackElo "2404"]
[EventDate "2009.10.24"]

1. c4 e5 2. Nc3 Nc6 3. g3 d6 4. Bg2 Be6 5. d3 Qd7 6. Rb1 g6 7. h4 h6 8. Nd5
Bg7 9. Nf3 Nge7 10. Nd2 f5 11. Qa4 O-O 12. f4 exf4 13. Nxf4 Rae8 14. O-O g5
15. Nd5 Nxd5 16. cxd5 Nd4 17. Qd1 Bf7 18. e3 Rxe3 19. Ne4 Re2 20. Nc3 Bh5
21. Nxe2 Nxe2+ 22. Kh2 Nxg3 23. Qe1 Nxf1+ 24. Bxf1 Be5+ 0-1

[Event "4NCL 2009-10"]
[Site "Sunningdale ENG"]
[Date "2009.10.24"]
[Round "1"]
[White "Richardson,Joh"]
[Black "Lewis,An"]
[Result "1/2-1/2"]
[WhiteElo "2298"]
[BlackElo "2273"]
[EventDate "2009.10.24"]

1. d4 Nf6 2. c4 g6 3. Nc3 Bg7 4. Nf3 d6 5. g3 O-O 6. Bg2 Nbd7 7. O-O e5 8.
h3 c6 9. e4 Qb6 10. c5 dxc5 11. dxe5 Ne8 12. e6 fxe6 13. Ng5 Ne5 14. f4 Nf7
15. Nxf7 Bd4+ 16. Kh1 Rxf7 17. e5 Qc7 18. Ne4 b6 19. a4 Ba6 20. Re1 Bc4 21.
Ng5 Re7 22. Qc2 Bd5 23. Ra3 Qd7 24. g4 Ng7 25. h4 Rf8 26. h5 Bxg2+ 27. Kxg2
Qd5+ 28. Rf3 h6 29. Qxg6 hxg5 30. Qxg5 Rd7 31. Kg3 Kh8 32. Qh6+ Kg8 33. Qg5
Kh8 34. Qh6+ 1/2-1/2

[Event "4NCL 2009-10"]
[Site "Sunningdale ENG"]
[Date "2009.10.24"]
[Round "1"]
[White "Rogers,Jo"]
[Black "Snape,I"]
[Result "1-0"]
[WhiteElo "2329"]
[BlackElo "2189"]
[EventDate "2009.10.24"]

1. d4 Nf6 2. Nf3 g6 3. Bg5 Bg7 4. Nbd2 h6 5. Bxf6 Bxf6 6. e4 d6 7. e5 Bg7
8. Bd3 O-O 9. Qe2 c5 10. dxc5 dxc5 11. h4 Nc6 12. h5 Bf5 13. Bxf5 gxf5 14.
O-O-O Qa5 15. Kb1 b5 16. Rdg1 Qa4 17. c3 Rab8 18. g4 b4 19. c4 f4 20. g5
Kh8 21. Qe4 Rb6 22. Qxf4 Ra6 23. gxh6 Qxa2+ 24. Kc1 Bxe5 25. Nxe5 Nd4 26.
Qg4 Qa1+ 27. Nb1 Nb3+ 28. Kc2 Nd4+ 29. Kd3 Nf5 30. Nxf7+ 1-0

[Event "4NCL 2009-10"]
[Site "Sunningdale ENG"]
[Date "2009.10.24"]
[Round "1"]
[White "Coleman,D"]
[Black "Bellin,J"]
[Result "1-0"]
[WhiteElo "2244"]
[BlackElo "2151"]
[EventDate "2009.10.24"]

1. e4 c5 2. Nf3 e6 3. d4 cxd4 4. Nxd4 a6 5. Bd3 Nf6 6. O-O d6 7. c4 Nbd7 8.
Nc3 Be7 9. b3 Qc7 10. Bb2 b6 11. Rc1 O-O 12. f4 Bb7 13. Qf3 Rac8 14. Qg3
Qb8 15. Rce1 g6 16. Qh3 e5 17. Nf3 Rce8 18. Ng5 h5 19. Nd5 Nxd5 20. exd5
Bxg5 21. fxg5 Bc8 22. Qh4 Nc5 23. Bb1 a5 24. Rf6 Nd7 25. Ref1 b5 26. Bxg6
Nxf6 27. gxf6 Qb6+ 28. Kh1 fxg6 29. Qg5 Kh7 30. Bc1 Qa7 31. Qh6+ Kg8 32.
Qxg6+ Kh8 33. f7 1-0

[Event "4NCL 2009-10"]
[Site "Sunningdale ENG"]
[Date "2009.10.24"]
[Round "1"]
[White "Rowson,J"]
[Black "Moskovic,D"]
[Result "1-0"]
[WhiteElo "2579"]
[BlackElo "2307"]
[EventDate "2009.10.24"]

1. d4 Nf6 2. c4 g6 3. Nc3 Bg7 4. e4 d6 5. f3 c6 6. Bg5 a6 7. Qd2 b5 8. Bh6
Bxh6 9. Qxh6 Qa5 10. Qd2 Nbd7 11. a3 bxc4 12. Bxc4 O-O 13. Nge2 Bb7 14. O-O
d5 15. Ba2 dxe4 16. fxe4 e5 17. Qg5 Kg7 18. Ng3 Ng8 19. Bxf7 Rxf7 20. Nh5+
Kf8 21. Rxf7+ Kxf7 22. Rf1+ Ke6 23. Ng7+ Kd6 24. dxe5+ Kc7 25. Rf7 Qb6+ 26.
Kh1 Qxb2 27. Ne6+ Kb8 28. Qd8+ Ka7 29. Qxd7 Rb8 30. Qd4+ 1-0

[Event "4NCL 2009-10"]
[Site "Sunningdale ENG"]
[Date "2009.10.24"]
[Round "1"]
[White "Pinter,G"]
[Black "Emms,J"]
[Result "1/2-1/2"]
[WhiteElo "2349"]
[BlackElo "2484"]
[EventDate "2009.10.24"]

1. e4 c5 2. Nf3 e6 3. d3 Nc6 4. g3 Nge7 5. h4 d5 6. Qe2 dxe4 7. dxe4 Nd4 8.
Nxd4 cxd4 9. Bg2 e5 10. O-O Nc6 11. Rd1 Be7 12. Nc3 O-O 13. Nd5 Be6 14. c3
Qd7 15. b4 dxc3 16. Nf6+ Bxf6 17. Rxd7 Bxd7 18. Be3 Rfd8 1/2-1/2

[Event "4NCL 2009-10"]
[Site "Sunningdale ENG"]
[Date "2009.10.24"]
[Round "1"]
[White "Hebden,M"]
[Black "Conlon,J"]
[Result "1-0"]
[WhiteElo "2503"]
[BlackElo "2208"]
[EventDate "2009.10.24"]

1. d4 Nf6 2. Nf3 g6 3. Nc3 Bg7 4. e4 d6 5. Be3 Ng4 6. Bg5 h6 7. Bh4 g5 8.
Bg3 Nf6 9. Bc4 Nc6 10. d5 g4 11. dxc6 gxf3 12. e5 fxg2 13. Rg1 bxc6 14.
exf6 Bxf6 15. Qh5 e6 16. Ne4 Rb8 17. c3 Rxb2 18. O-O-O Rb7 19. Rxg2 Qe7 20.
Kc2 e5 21. Qf3 Bg7 22. Bh4 Qxh4 23. Rxg7 Kd8 24. Rxf7 Bg4 25. Rf8+ Rxf8 26.
Qxf8+ Kd7 27. Nc5+ 1-0

[Event "4NCL 2009-10"]
[Site "Sunningdale ENG"]
[Date "2009.10.24"]
[Round "1"]
[White "Eckersley Waites,A"]
[Black "Summerscale,A"]
[Result "1-0"]
[WhiteElo "2197"]
[BlackElo "2449"]
[EventDate "2009.10.24"]

1. e4 b6 2. d4 Bb7 3. Bd3 Nc6 4. c3 g6 5. Nf3 Bg7 6. O-O e6 7. Bf4 Nge7 8.
Qd2 h6 9. Re1 Kf8 10. Na3 d6 11. Rad1 Nb8 12. Qe2 Nd7 13. e5 d5 14. h4 a6
15. h5 Kg8 16. Nh2 Qe8 17. Ng4 Nf5 18. hxg6 fxg6 19. Nf6+ Nxf6 20. exf6
Bxf6 21. Bxc7 b5 22. Qxe6+ Qf7 23. Bxf5 gxf5 24. Qxf5 Rh7 25. Be5 Bg5 26.
Qg4 Qd7 27. Qg3 Kf7 28. f4 Be7 29. Qd3 1-0

[Event "4NCL 2009-10"]
[Site "Sunningdale ENG"]
[Date "2009.10.24"]
[Round "1"]
[White "Ward,C"]
[Black "Pickard,C"]
[Result "1-0"]
[WhiteElo "2431"]
[BlackElo "2191"]
[EventDate "2009.10.24"]

1. d4 d5 2. Nf3 e6 3. c4 c5 4. cxd5 exd5 5. g3 Nc6 6. Bg2 Nf6 7. O-O Be7 8.
Nc3 O-O 9. Bg5 cxd4 10. Nxd4 h6 11. Be3 Re8 12. Qa4 Nxd4 13. Bxd4 Bd7 14.
Qb3 Bc6 15. Rfd1 Qd7 16. Bxf6 Bxf6 17. Nxd5 Bxd5 18. Rxd5 Qc7 19. e3 Rad8
20. Rad1 b6 21. Rxd8 Rxd8 22. Bd5 Rd7 23. e4 Qe5 24. f4 Qxb2 25. e5 Bxe5
26. fxe5 Qxe5 27. Bxf7+ Kh8 28. Bd5 g5 29. Bf3 Rxd1+ 30. Qxd1 Qc5+ 31. Kg2
a5 32. Qd5 Qe3 33. Kh3 Kg7 34. Kg4 a4 35. Kf5 Qe7 36. Qe5+ 1-0

[Event "4NCL 2009-10"]
[Site "Sunningdale ENG"]
[Date "2009.10.24"]
[Round "1"]
[White "Churm,R"]
[Black "Hunt,H"]
[Result "0-1"]
[WhiteElo "2167"]
[BlackElo "2452"]
[EventDate "2009.10.24"]

1. e4 c5 2. Nc3 a6 3. g3 b5 4. Bg2 Bb7 5. d3 e6 6. Nf3 d6 7. a3 Nf6 8. O-O
Be7 9. Re1 O-O 10. h3 Nbd7 11. Qe2 Re8 12. g4 Nf8 13. Bf4 e5 14. Bg3 Ne6
15. Qd2 Rc8 16. Ne2 Nd7 17. Rad1 Qb6 18. c3 c4 19. Nc1 Ndc5 20. Bf1 h6 21.
Qc2 cxd3 22. Bxd3 Bg5 23. Nd2 Bf4 24. Nf1 Ng5 25. Kg2 d5 26. f3 Qf6 27.
Bxf4 Qxf4 28. Nd2 Nxf3 29. Nxf3 dxe4 30. Bxe4 Nxe4 31. Ne2 Qf6 32. Rf1 Ng5
33. Neg1 Rcd8 34. Qf5 Qxf5 35. gxf5 Nxf3 36. Nxf3 e4 0-1

[Event "4NCL 2009-10"]
[Site "Sunningdale ENG"]
[Date "2009.10.24"]
[Round "1"]
[White "Zhou,Y"]
[Black "Quist,S"]
[Result "1-0"]
[WhiteElo "2291"]
[BlackElo "2141"]
[EventDate "2009.10.24"]

1. e4 c5 2. Nf3 Nc6 3. Bb5 d6 4. O-O e5 5. c3 Bg4 6. h3 Bxf3 7. Qxf3 Qb6 8.
Na3 Nf6 9. d3 Be7 10. Bg5 O-O 11. Rad1 Rae8 12. Bxc6 Qxc6 13. Nc4 Nd7 14.
Bxe7 Rxe7 15. Ne3 g6 16. Qg4 Kh8 17. f4 exf4 18. Qxf4 f6 19. Nd5 Ref7 20.
Rf2 Kg7 21. Rdf1 Nb6 22. Ne3 d5 23. Ng4 dxe4 24. dxe4 Nd7 25. Rd1 f5 26.
Nh6 Re7 27. exf5 Rf6 28. Ng4 Rxf5 29. Qh6+ Kg8 30. Rxf5 gxf5 31. Qxc6 bxc6
32. Rxd7 Re1+ 33. Kf2 Rb1 34. Nf6+ Kf8 35. Nxh7+ Ke8 36. Nf6+ Kf8 37. Rb7
a5 38. Nd7+ 1-0

[Event "4NCL 2009-10"]
[Site "Sunningdale ENG"]
[Date "2009.10.24"]
[Round "1"]
[White "Harakis,A"]
[Black "Cooksey,P"]
[Result "1-0"]
[WhiteElo "2263"]
[BlackElo "2277"]
[EventDate "2009.10.24"]

1. d4 d5 2. c4 c6 3. Nc3 Nf6 4. e3 e6 5. Qc2 Nbd7 6. Nf3 b6 7. cxd5 exd5 8.
Bd3 Bb7 9. O-O Be7 10. e4 dxe4 11. Nxe4 O-O 12. Ng3 g6 13. Bh6 Re8 14. Ng5
Nd5 15. h4 Bf8 16. Bxf8 Nxf8 17. Qd2 Ne6 18. Bc4 b5 19. Bxd5 Qxd5 20. N3e4
Kg7 21. Nxe6+ fxe6 22. Nc5 Bc8 23. f4 e5 24. fxe5 Bf5 25. Rad1 Bg4 26. Rc1
Rad8 27. Rf4 Be6 28. Qa5 Rf8 29. Rcf1 Rxf4 30. Rxf4 Bf5 31. Rxf5 Qxd4+ 32.
Rf2 1-0

[Event "4NCL 2009-10"]
[Site "Sunningdale ENG"]
[Date "2009.10.24"]
[Round "1"]
[White "Tymrakiewicz,R"]
[Black "Mack,A"]
[Result "1/2-1/2"]
[WhiteElo "2269"]
[BlackElo "2237"]
[EventDate "2009.10.24"]

1. Nf3 Nf6 2. d4 g6 3. Bg5 Bg7 4. e3 O-O 5. Be2 c5 6. Nbd2 Nc6 7. O-O d6 8.
Re1 b6 9. c3 Qc7 10. e4 Rd8 11. a3 h6 12. Bh4 g5 13. d5 gxh4 14. dxc6 h3
15. Bc4 Qxc6 16. e5 Nd5 17. exd6 Rxd6 18. Nh4 b5 19. Bd3 Be6 20. Ne4 Rd7
21. Qf3 Rad8 22. Rad1 c4 23. Bc2 Qc7 24. g3 Nb6 25. Rxd7 Nxd7 26. Nf5
1/2-1/2

[Event "4NCL 2009-10"]
[Site "Sunningdale ENG"]
[Date "2009.10.24"]
[Round "1"]
[White "Naylor,J"]
[Black "Thompson,I"]
[Result "0-1"]
[WhiteElo "2189"]
[BlackElo "2266"]
[EventDate "2009.10.24"]

1. e4 e6 2. d4 d5 3. Nc3 Bb4 4. Bd3 c5 5. exd5 exd5 6. dxc5 Ne7 7. Bd2 Bxc5
8. Qh5 Nbc6 9. Nf3 Be6 10. O-O-O Qd7 11. h3 O-O-O 12. Bb5 f6 13. Na4 Bxf2
14. Ne1 a6 15. Bf1 Ne5 16. b3 Kb8 17. Qe2 Ba7 18. Nd3 Nxd3+ 19. Qxd3 Ng6
20. Ba5 Ne5 21. Qg3 Rc8 22. Bb6 Qc6 23. Bxa7+ Kxa7 24. Rd2 Rc7 25. Qf2+ Kb8
26. Kb1 Bf7 27. g3 Bg6 28. Bg2 Rhc8 29. Bxd5 Bxc2+ 30. Ka1 Qb5 31. Nb6 Rd8
32. Qd4 Nf3 33. a4 0-1

[Event "4NCL 2009-10"]
[Site "Sunningdale ENG"]
[Date "2009.10.24"]
[Round "1"]
[White "Granat,R"]
[Black "Rich,M"]
[Result "1/2-1/2"]
[WhiteElo "2250"]
[BlackElo "2151"]
[EventDate "2009.10.24"]

1. e4 c5 2. Nf3 a6 3. a4 Nc6 4. Nc3 e6 5. Bc4 Nf6 6. Qe2 d6 7. d3 Be7 8.
Bg5 h6 9. Bxf6 Bxf6 10. Nd1 O-O 11. c3 Rb8 12. O-O b5 13. axb5 axb5 14. Bb3
b4 15. Ba4 Bd7 16. Bxc6 Bxc6 17. c4 Ra8 1/2-1/2

[Event "4NCL 2009-10"]
[Site "Sunningdale ENG"]
[Date "2009.10.24"]
[Round "1"]
[White "Rice,C"]
[Black "Meyer,Go"]
[Result "1/2-1/2"]
[WhiteElo "2103"]
[BlackElo "2165"]
[EventDate "2009.10.24"]

1. c4 Nf6 2. g3 g6 3. Bg2 Bg7 4. Nc3 O-O 5. d3 d6 6. Bg5 h6 7. Bd2 Nc6 8.
h3 e5 9. e4 Nd7 10. Nge2 Nc5 11. Be3 a5 12. O-O Nd4 13. Kh2 c6 14. Rb1 Bd7
15. b3 f5 16. f4 Qe7 17. Qd2 Nxe2 18. Nxe2 exf4 19. Nxf4 Be8 20. exf5 gxf5
21. Rbe1 Qf6 22. d4 Ne4 23. Qc2 d5 24. cxd5 cxd5 25. Nxd5 Qd6 26. Bxe4 fxe4
27. Rxf8+ Bxf8 28. Qxe4 Bc6 29. Qg4+ Bg7 30. Nf4 Re8 31. Re2 Re7 32. Bf2
Bd7 33. Qf3 Rf7 34. Qe4 Bf5 35. Qd5 Qxd5 36. Nxd5 Kf8 37. Nf4 Rd7 38. Rd2
Kf7 39. Be3 Be4 40. Kg1 Bf8 41. Nd3 Rc7 42. Kf2 h5 43. Bf4 Rc3 44. Ne5+ Ke6
45. Re2 Kd5 46. Bd2 Rc8 47. Bxa5 Bg7 48. Bb6 Rf8+ 49. Ke1 Rf6 50. Nc4 Rg6
51. Ne3+ Kc6 52. Nc4 Bd3 53. d5+ Kxd5 54. Re3 Bxc4 55. bxc4+ Kxc4 56. Bc7
Bd4 1/2-1/2

[Event "4NCL 2009-10"]
[Site "Sunningdale ENG"]
[Date "2009.10.24"]
[Round "1"]
[White "Punnett,A"]
[Black "Atako,C"]
[Result "0-1"]
[WhiteElo "2094"]
[BlackElo "2088"]
[EventDate "2009.10.24"]

1. e4 c5 2. Nf3 g6 3. g3 Bg7 4. Bg2 Nc6 5. O-O d6 6. Re1 e5 7. d3 Nge7 8.
Nc3 O-O 9. Be3 f5 10. Qd2 Nd4 11. Bg5 Be6 12. exf5 Rxf5 13. Nxd4 cxd4 14.
Ne4 Qd7 15. Bh3 Rff8 16. Bxe6+ Qxe6 17. Qb4 Rad8 18. Qxb7 Rd7 19. Qb3 Nd5
20. c4 Nc7 21. Qc2 h6 22. Bc1 Rdf7 23. Qe2 d5 24. cxd5 Nxd5 25. Bd2 Qh3 26.
Rac1 Rf5 27. Qf1 Qh5 28. Qg2 Rf3 29. Rc5 Nf6 30. Rxe5 g5 31. Nxf6+ R8xf6
32. Re8+ Kh7 33. R1e2 Qg6 34. Qh3 Rxd3 35. Qd7 Rf7 36. Qe6 Qxe6 37. R8xe6
Rc7 38. Kf1 Rb7 39. b3 Rc7 40. Bb4 Rb7 41. Bd6 Rd1+ 42. Re1 Rd2 43. R6e2
Rd3 44. Re7 Rxe7 45. Rxe7 Kg6 46. Rxa7 Rd2 47. h4 gxh4 48. gxh4 Bf6 49. Bf4
Rc2 50. Ra6 Kf5 51. Bxh6 Bxh4 52. f3 Rf2+ 53. Kg1 Rxf3 54. Ra4 Ke4 55. b4
Rf6 56. Bc1 Bf2+ 57. Kg2 Be3 58. Bxe3 Kxe3 59. Ra8 d3 60. Re8+ Kd4 61. b5
Kc3 62. Rc8+ Kb2 63. Rd8 Kc2 64. a4 Rf4 65. b6 d2 66. Rc8+ Kb3 67. b7 Rg4+
68. Kh3 d1=Q 69. b8=Q Rb4 70. Qg3+ Ka2 71. Rc3 Qh5+ 72. Kg2 Rb2+ 73. Kf1
Qh1+ 74. Qg1 Rb1+ 0-1

[Event "4NCL 2009-10"]
[Site "Sunningdale ENG"]
[Date "2009.10.24"]
[Round "1"]
[White "Wilson,A"]
[Black "Allinson,J"]
[Result "1/2-1/2"]
[WhiteElo "2083"]
[BlackElo "2135"]
[EventDate "2009.10.24"]

1. e4 c6 2. d4 d5 3. Nc3 dxe4 4. Nxe4 Bf5 5. Ng3 Bg6 6. Bc4 e6 7. N1e2 Bd6
8. O-O Nd7 9. c3 Ne7 10. Bf4 Qc7 11. Qd2 Nf6 12. Rad1 O-O 13. Bxd6 Qxd6 14.
Nf4 Ned5 15. Nxg6 hxg6 16. Rfe1 Rfd8 17. Qg5 Qf4 18. Qxf4 Nxf4 19. Ne4 Rd7
20. Nc5 Rc7 21. g3 N4d5 22. Bb3 Rd8 23. Bc2 Nd7 24. Ne4 N5f6 25. Ng5 Nh7
26. h4 Ndf6 27. Kg2 Rd5 28. Bb3 Rd6 29. Nf3 Nd5 30. Ne5 Nhf6 31. a3 Rd8 32.
Nd3 Rd6 33. Ne5 Rd8 34. Nd3 1/2-1/2

[Event "4NCL 2009-10"]
[Site "Sunningdale ENG"]
[Date "2009.10.24"]
[Round "1"]
[White "Dines,S"]
[Black "Donovan,N"]
[Result "1-0"]
[WhiteElo "1935"]
[BlackElo "2059"]
[EventDate "2009.10.24"]

1. e4 c5 2. Nf3 d6 3. d4 cxd4 4. Nxd4 Nf6 5. Nc3 e6 6. f3 a6 7. Be3 b5 8.
Qd2 Nbd7 9. a4 b4 10. Nce2 d5 11. Ng3 dxe4 12. fxe4 Bb7 13. Bd3 Nc5 14. O-O
Ng4 15. Be2 Nxh2 16. Kxh2 Qh4+ 17. Kg1 Qxg3 18. Rf3 Qc7 19. Qxb4 Nxe4 20.
Qe1 Bd6 21. Qh4 Bg3 22. Qg4 O-O-O 23. Ra3 Bh2+ 24. Kh1 Ng3+ 25. Kxh2 Nxe2+
26. Kh1 Nxd4 27. Bxd4 Bxf3 28. gxf3 Rd6 29. Qe4 Rc6 30. Be5 f5 31. Qe2 Qe7
32. Rb3 Qh4+ 33. Bh2 f4 34. Qe4 Kc7 35. Qe5+ Kc8 36. Rb8+ Kd7 37. Rxh8 Qe7
38. Ra8 1-0

[Event "4NCL 2009-10"]
[Site "Sunningdale ENG"]
[Date "2009.10.24"]
[Round "1"]
[White "Slavin,A"]
[Black "Kosten,A"]
[Result "0-1"]
[WhiteElo "2331"]
[BlackElo "2497"]
[EventDate "2009.10.24"]

1. d4 Nf6 2. Nf3 e6 3. e3 c5 4. Bd3 Nc6 5. O-O d5 6. b3 Bd6 7. Bb2 O-O 8.
c4 cxd4 9. exd4 b6 10. Nbd2 Bb7 11. Rc1 Rc8 12. Re1 Nb4 13. Bb1 dxc4 14.
bxc4 Bf4 15. Rc3 Re8 16. a3 Nc6 17. Nb3 Ne7 18. Ne5 Ng6 19. Qe2 Bxe5 20.
dxe5 Nf4 21. Qc2 Ne4 22. f3 Ng5 23. Kf1 Ng6 24. Qf2 Ba6 25. Nd2 h6 26. f4
Nh7 27. Kg1 Re7 28. Rec1 Rd7 29. Nf1 Rd4 30. Bxg6 fxg6 31. c5 bxc5 32. Rxc5
Rxc5 33. Rxc5 Rd1 34. Rc1 g5 35. g3 gxf4 36. gxf4 Nf8 37. Rxd1 Qxd1 38. Kg2
Ng6 39. Ne3 Bb7+ 40. Kg3 Qh5 41. Ng2 Bxg2 42. Kxg2 Qg4+ 43. Kf1 Nxf4 44.
Qg3 Qd1+ 45. Kf2 Qc2+ 46. Kf1 Qb1+ 0-1